000 00503nam a22001937a 4500
003 MPLRDC
005 20220104184217.0
008 210129b ||||| |||| 00| 0 eng d
020 _a986-185-342-0
082 _a415.2302 TXD
100 _a谭晓东主编
245 _a预防新流感大作战
_c
250 _a初版
260 _a台湾
_b高宝国际有限公司台湾分公司
_c2009
300 _b
490 _a生活医馆. 53
650 _a病毒传染病
942 _cBK
_o415.2302 TXD
999 _c62754
_d62744